Southern Countries by Continent Quiz Stats

 Plays Quiz Updated Aug 18, 2017

     
Support Sporcle.
Go Orange.
Score 0/6 Timer 03:00
0 Plays Today
Continent Country % Correct
AfricaSouth Africa
97.7%
South AmericaChile
96%
OceaniaAustralia
87.9%
North AmericaPanama
87.1%
AsiaIndonesia
83.2%
EuropeCyprus
75.9%

From the Vault

6 to 1: World

by mg10

If you don't get them all, it's not the end of the world.
Remove Ads.
Support Sporcle.
Get the best of Sporcle when you Go Orange. This ad-free experience offers more features, more stats, and more fun while also helping to support Sporcle. Thank you for becoming a member.

Show Comments

Extras

Top Quizzes Today


Score Distribution

Your Account Isn't Verified!

In order to create a playlist on Sporcle, you need to verify the email address you used during registration. Go to your Sporcle Settings to finish the process.

Report this User

Report this user for behavior that violates our Community Guidelines.

Details: